[Event "Stuttgart-chB int"]
[Site "Ditzingen"]
[Date "2010.05.14"]
[Round "4"]
[White "Schoefzig, Winfried"]
[Black "Herkommer, Andreas"]
[Result "1-0"]
[WhiteElo "1648"]
[BlackElo "1501"]
[PlyCount "43"]
[EventDate "2010.05.13"]
[EventType "swiss"]
[EventRounds "7"]
[EventCountry "GER"]
[SourceTitle "EXT 2018"]
[Source "ChessBase"]
[SourceDate "2017.10.13"]
[SourceVersion "1"]
[SourceVersionDate "2017.10.13"]
[SourceQuality "1"]

1. d4 d5 2. e4 dxe4 3. Nc3 Nf6 4. f3 exf3 5. Qxf3 Qxd4 6. Be3 Qg4 7. Qf2 Bd7 8. Be2 Qb4 9. 0-0-0 e6 10. Nf3 Nc6 11. Nd4 Nxd4 12. Rxd4 Qa5 13. Rc4 Bb4 14. Rxb4 Nd5 15. Nxd5 exd5 16. Rxb7 Qxa2 17. Rf1 0-0 18. Bc5 Rfd8 19. Qxf7+ Kh8 20. Bf8 Qa1+ 21. Kd2 Qa5+ 22. c3 1-0